MDQL
is popping MORE tags! Check the
thread
!
Quizzes
Events
Quiz Creation
Community
Videos
Private Events
Remove Ads
Sign In
Join for FREE
Feedback
Dark Mode
Quiz Categories
Sports
Geography
Music
Movies
Television
Just For Fun
Miscellaneous
History
Literature
Language
Science
Gaming
Entertainment
Religion
Holiday
For Kids
Quiz Lab
Recent
Popular Today
Quiz Kudos Today
Editor Picks
Curator Picks
Quizzes by...
Day
Popularity
Type
Ratings
Length
Year
Community
Subscriptions
Recent Discussions
Orange Saloon
Badges
Playlists
Quests
Create
Leaderboards
Showdown
Live 5
Trivia Bingo
Activity
Puzzle Library
Sporcle Events
Private Events
Virtual Trivia
Globe League
Become a Host
Pub Owners
SporcleCon
Opinionation
Our Games
Videos
Blog
Mobile Apps
Partnerships
Remove Ads and Go Orange
Feedback
Music
Pop Music
The Beatles
Song
Album
Lyrics
Bands
Singers
Artist
Clip
Rock
Rap
Classical
Billboard
Country Music
Kpop
Taylor Swift
Music
Pop Music
The Beatles
Song
Album
Lyrics
Bands
Singers
Artist
Clip
Rock
Rap
Classical
Billboard
Country Music
Kpop
Taylor Swift
Random Quiz
Search Sporcle
×
Quiz Lab
Quiz Lab
Music
Kpop
Type in answers that appear in a list
Type in answers that appear in a list
Classic
Best Score? Go Orange.
Debut K-pop groups 2016 (so far) Stats
Can you name the Debut K-pop groups 2016 (so far)?
By
marene1996
10m
42 Questions
608 Plays
608 Plays
608 Plays
Comments
Comments
Give Quiz Kudos
Give Quiz Kudos
-
- Ratings
hide this ad
Replay
Link that replays current quiz
Next Quiz
Link to next quiz in quiz playlist
You Got
0%
They Got
Avg Score
13%
Avg Friend Score
Upgrade to see
Score Distribution
Jump to the score distribution portion of the page
Score
0/42
Timer
10:00
0
Plays Today
Hint
Answer
% Correct
February
Astro
77.6%
March
KNK
62.5%
April
NCT U
61.5%
May
I.O.I
58.2%
June
Gugudan
41.1%
February
Cosmic Girls
39.6%
January
Imfact
30.9%
March
Matilda
15%
February
Voisper
11.7%
January
CoCoSoRi
10%
June
A.De
9.7%
May
Mixx
9.4%
March
Mercury
8.7%
January
Hi.D
8.6%
February
Bloomy
8.6%
February
APL
8.2%
June
O21
7.7%
February
Wable
7.6%
May
Sol-T
7.2%
January
A.SOME
7.1%
February
Double B
7.1%
Hint
Answer
% Correct
April
Various
6.9%
May
Moxie
6.6%
February
Esbee
6.3%
May
Red Sun
6.3%
June
IONE
5.9%
April
Mintty
5.8%
April
Look King
5.3%
May
AFOS
5.3%
May
McGree
5.1%
February
Holics
4.9%
April
Sam Kim
4.8%
May
Highteen
3.8%
May
New-A
3.6%
February
Grey Day
2.1%
April
DimePiece
2.1%
May
Instar
2.1%
May
2U
1.8%
March
Brand New Girl
1.6%
April
K-Tigers
1.6%
February
Awesome Day
1.5%
March
NET
1.5%
Quiz Playlist
Details
Report
Send in Message
Add To Playlist
Classic:
Type in answers that appear in a list
Last Updated: Feb 16, 2017
Quiz Scoreboard
CHALLENGE
Sign Up to Join the Scoreboard
Show All
Scores
Hide
Comments
May contain spoilers
Recently Published
Image Sorting: Flags VI
by Barbecue
Geography
2m
Find the 'City' Movie
by crazypaving
Movies
60s
Colored Red Africa Blitz
by spor1
Geography
45s
More to Explore
Quiz From the Vault
Featured Blog Post
14 Easter Pick-up Lines to Find Eggs With
hide this ad
You Might Also Like...
Tags
Kpop Quiz
Kpop Quiz
Today's Top Quizzes in Music
Browse Music
hide this ad
Today's Top Quizzes in Kpop
Browse Kpop
Top Contributed Quizzes in Music
1
5X2 Blitz: Bands II
2
5X2 Blitz: The Beatles
3
Taylor Swift All Songs (2024)
4
5X2 Blitz: Billboard
5
5X2 Blitz: Billboard II
6
5X2 Blitz: Album
7
Taylor Swift Logic Puzzle II
8
5X2 Blitz: Singers
9
5X2 Blitz: Rock
10
5X2 Blitz: Lyrics
Explore More
Trending Topics
Marvel
NBA
Kpop
Harry Potter
Crossword
Anime
Disney
NFL
The Office
WWE
Song
Pokémon
Soccer
Country
Puzzle
hide this ad
More By:
marene1996
Quiz
Plays
Rating
Category
Featured
Created
Idols from SM Groups (Kpop)
2,529
4.62
Music
Jun 29, 2016
A-Z songs from SM artists
925
2.33
Music
Aug 14, 2017
Debut K-pop groups 2016 (so far)
608
Music
Aug 8, 2016
A-Z songs from JYP artists
512
3.00
Music
Aug 14, 2017
Go to Creator's Profile
Score Distribution
Quiz Creator Spotlight
marene1996
Follow
Send a Message
Quizzes Created
-
Created Quiz Play Count
-
More By This Creator
Popular Quizzes Today
1
Colored Red Africa Blitz
2
Find the US States - No Outlines Minefield
3
Find the 'City' Movie
4
5x2 Blitz: Bands
5
The Countries of the World
6
Find the US States
7
Find the Countries of Europe - No Outlines Minefield
8
US States
More Music Quizzes
Quick Pick: Otis Redding Songs
Curator's Pick
Trending Quizzes
Colored Red Europe Blitz I
Colored Red Europe Blitz II
Colored Red Africa Blitz II
Colored Red Europe Blitz III
Colored Red Africa Blitz III
Recently Updated
How Do You Spell That?
pecheneg
Godzilla Movies
pecheneg
Grab Bag: 4-10 Letters
pecheneg
2024 March Madness Bracket
pecheneg
Famous TV Couples
Peacemaker
Champions League XIs: Real Madrid
pecheneg
Largest US Cities 1790-2010
pecheneg
Rides in Walt Disney World
pecheneg
Most Oscar Losses (Acting)
pecheneg
Beyoncé Albums
pecheneg
Trending Topics
Kpop
NBA
Anime
Disney
Crossword
Harry Potter
Marvel
NFL
Country
Song
WWE
Pokémon
Soccer
The Office
Puzzle
Your Account Isn't Verified!
In order to create a playlist on Sporcle, you need to verify the email address you used during registration. Go to your
Sporcle Settings
to finish the process.
Report this User
Report this user for behavior that violates our
Community Guidelines
.
Details:
Send Report
Go to the Sporcle.com Mobile Site →
Comments